000 00512nam a2200193Ia 4500
005 20250326142052.0
008 250326s9999 xx 000 0 und d
037 _aTextbook
040 _aFMSL
_beng
_cFMSL
041 _aeng
_2eng
084 _aX:89A M4
_qFMSL
100 _aMeredith J R
_9740849
245 0 _aManagement of operations
_cMeredith J R; Gibbs T E
250 _a2
260 _aNY
_bNY, Johan Wiley
_c1980
300 _a694p
942 _cTB
_hX:89A M4
999 _c1293294
_d1293294